<?xml version="1.0" encoding="UTF-8"?><?xml-stylesheet type="text/xsl" href="static/style.xsl"?><OAI-PMH xmlns="http://www.openarchives.org/OAI/2.0/" xmlns:xsi="http://www.w3.org/2001/XMLSchema-instance" xsi:schemaLocation="http://www.openarchives.org/OAI/2.0/ http://www.openarchives.org/OAI/2.0/OAI-PMH.xsd"><responseDate>2026-04-17T23:38:19Z</responseDate><request verb="GetRecord" identifier="oai:riubu.ubu.es:10259/5398" metadataPrefix="marc">https://riubu.ubu.es/oai/request</request><GetRecord><record><header><identifier>oai:riubu.ubu.es:10259/5398</identifier><datestamp>2021-11-02T12:27:10Z</datestamp><setSpec>com_10259_2699</setSpec><setSpec>col_10259_2727</setSpec><setSpec>col_10259_2701</setSpec></header><metadata><record xmlns="http://www.loc.gov/MARC21/slim" xmlns:doc="http://www.lyncode.com/xoai" xmlns:xsi="http://www.w3.org/2001/XMLSchema-instance" xmlns:dcterms="http://purl.org/dc/terms/" xsi:schemaLocation="http://www.loc.gov/MARC21/slim http://www.loc.gov/standards/marcxml/schema/MARC21slim.xsd">
<leader>00925njm 22002777a 4500</leader>
<datafield tag="042" ind1=" " ind2=" ">
<subfield code="a">dc</subfield>
</datafield>
<datafield tag="720" ind1=" " ind2=" ">
<subfield code="a">Pérez Ruiz, Lydia</subfield>
<subfield code="e">author</subfield>
</datafield>
<datafield tag="260" ind1=" " ind2=" ">
<subfield code="c">2019</subfield>
</datafield>
<datafield tag="520" ind1=" " ind2=" ">
<subfield code="a">Esta Tesis Doctoral aborda la necesidad en la industria dedicada al cultivo del mejillón de una detección temprana de contaminantes en el agua de mar. Con este fin se plantean varios estudios dedicados a la filtración con membrana. El primer estudio realiza la caracterización del transporte de solutos neutros y cargados en una membrana de nanofiltración. En segundo lugar se presenta un estudio que aborda el tratamiento de agua de mar mediante tecnología de separación con membranas de baja presión, donde se obtiene un estudio del ensuciamiento de la membrana y de los rechazos a los diferentes contaminantes. Y por último, se muestran los estudios del uso de la tecnología serigráfica para el desarrollo de sensores electroquímicos capaces de determinar los contaminantes del agua de mar de manera precisa.</subfield>
</datafield>
<datafield tag="024" ind2=" " ind1="8">
<subfield code="a">http://hdl.handle.net/10259/5398</subfield>
</datafield>
<datafield tag="024" ind2=" " ind1="8">
<subfield code="a">10.36443/10259/5398</subfield>
</datafield>
<datafield ind1=" " ind2=" " tag="653">
<subfield code="a">Agua de mar</subfield>
</datafield>
<datafield ind1=" " ind2=" " tag="653">
<subfield code="a">Contaminantes</subfield>
</datafield>
<datafield ind1=" " ind2=" " tag="653">
<subfield code="a">Membranas</subfield>
</datafield>
<datafield ind1=" " ind2=" " tag="653">
<subfield code="a">Mejillón</subfield>
</datafield>
<datafield ind1=" " ind2=" " tag="653">
<subfield code="a">Electroquímica</subfield>
</datafield>
<datafield ind1=" " ind2=" " tag="653">
<subfield code="a">Seawater</subfield>
</datafield>
<datafield ind1=" " ind2=" " tag="653">
<subfield code="a">Pollutants</subfield>
</datafield>
<datafield ind1=" " ind2=" " tag="653">
<subfield code="a">Membranes</subfield>
</datafield>
<datafield ind1=" " ind2=" " tag="653">
<subfield code="a">Mussels</subfield>
</datafield>
<datafield ind1=" " ind2=" " tag="653">
<subfield code="a">Electrochemistry</subfield>
</datafield>
<datafield tag="245" ind1="0" ind2="0">
<subfield code="a">Determinación de contaminantes del mar en aguas de bateas de cultivo de mejillón: desarrollo de sensores electroquímicos y estudios de filtración con membranas</subfield>
</datafield>
</record></metadata></record></GetRecord></OAI-PMH>